000 01512nam a2200301 a 4500
001 000041587
005 20201002035643.0
008 131011s2005 sp abf 001 0 spa d
020 _a849744048X
040 _aDO-SdBNP
_bspa
_cBNPHU
082 _axxxx
_bxxxx
100 1 _aCentero, Justo G.
_qJusto Germán
_968349
245 1 4 _aLos Ingenios. :
_bcolección de vistas de los principales ingenios de azúcar de la isla de Cuba /
_ctexto redactado por Justo G. Centero; con láminas dibujadas del natural y litografiadas por Eduardo Laplante; editores, Luís Miguel García Mora, Antonio Santamaría García.
246 1 4 _aLos ingenios de la isla de Cuba
260 _a[Madrid] :
_bCEDEX
_bDoce Calles
_bFundación Mapfre
_bCSIC,
_c[2005].
300 _a451 p. :
_bil., mapas, lam. ;
_c35 cm.
490 1 _aAntilia
_aMaior
500 _aIncluye índice analítico p: 429-451
504 _aBibliografía p: 415-428
500 _aIncluye notas y referencias bibliografías al pie de páginas
533 _aFascímil: Los ingenios, colección de vistas de los principales ingenios de azúcar de la isla de Cuba
_bLa Habana, Cuba
_cImpreso en la litografía de Luis Marquier
_d1857
700 1 _aLaplante, Eduardo
_elit.
_968350
700 1 _aGarcía Mora, Luís Miguel
_eed.
_944140
700 1 _aSantamaría García, Antonio
_eed.
_967993
710 2 _aCentro de Estudios para el Desarrollo Exportador
_968351
710 2 _aConsejo Superior de Investigaciones Científicas
_94786
830 0 _aAntilia
_pMaior
_968352
999 _c41077
_d41077